000 00439nam a22001697a 4500
003 UA-OsUOA
001 6052
007 ta
008 20050721b un ||||| |||| 00| 0 ukr d
100 _aВеліщинська
700 _aЮ. О.
942 _cBK
040 _aUA-OsUOA
_cUA-OsUOA
_dUA-OsUOA
245 _aЖести як засіб міжн. невербального спілкування.
_bBA Paper
955 _a2
650 7 _2UDC
999 _c292214
_d292214